Dopasuj świąteczną miejscowość do województwa - Statystyki

Ogólne statystyki
  • Ten quiz został rozwiązany 85 razy
  • Średni wynik to 6 z 18
Statystyki odpowiedzi
Miejscowość Województwo % Poprawnych
Mikołajki warmińsko-mazurskie | podlaskie
76%
Mikołów śląskie
64%
Betlejem pomorskie
39%
Gwiazdowo warmińsko-mazurskie | wielkopolskie | zachodniopomorskie
37%
Karpno dolnośląskie | pomorskie | zachodniopomorskie
34%
Aniołowo warmińsko-mazurskie
34%
Dzwonowo zachodniopomorskie
33%
Makowiec mazowieckie
32%
Choinek mazowieckie
30%
Żłobek podkarpackie | lubelskie
30%
Mikołajów dolnośląskie | świętokrzyskie | łódzkie
29%
Jasna Gwiazda pomorskie
22%
Mrozów dolnośląskie
21%
Świętoszewo zachodniopomorskie
21%
Śnieżkowice świętokrzyskie
20%
Kolęda dolnośląskie
18%
Pasterka dolnośląskie
17%
Rudolfowo warmińsko-mazurskie
17%
Nie znaleziono quizów pasujących do podanych kryteriów
Rozkład punktacji
Procent ludzi z każdym wynikiem
Percentyl według liczby udzielonych odpowiedzi
Twoja historia wyników
Nie rozwiązałeś tego quizu